000 01412cam a2200277 4500
008 020816n2002 000 0 eng u
020 _aJ122648
035 _a(Sirsi) u122648
050 _a333.337
_c18
100 _aMahoney, Robert
245 _aLand markets and the modern economy [multimedia]
260 _aLondon
_bRICS
_c2002
490 _aRICS Multimedia Presentations
520 _aMultimedia presentation based around the Leading Edge Series report of the same title (ISBN 1842191055) which argues that efficient land markets provide the foundations of any modern economy and that without an integrated and formalised real property system the ability to create national wealth is severely restricted. The presentation includes a video and biography of Rob Mahoney, one of the authors of the report as well as a link to the full text of the report. The report is also available for loan.
650 _aCOLOMBIA
650 _aLAND MARKETS
650 _aLATVIA
650 _aTHAILAND
650 _aUGANDA
690 _aDEVELOPMENT-SUSTAINABLE
710 _aRoyal Institution of Chartered Surveyors
_94900
710 _aRoyal Institution of Chartered Surveyors
_bPlanning and Development Faculty
_94351
710 _aRoyal Institution of Chartered Surveyors
_bGeomatics Faculty
_94352
710 _aRoyal Institution of Chartered Surveyors
_bResidential Property Faculty
_94304
942 _n0
999 _c102894
_d102894